| 000 | 00489nam a22001577a 4500 | ||
|---|---|---|---|
| 020 | _a978-8131802946 | ||
| 082 |
_a532 _bBAN _cN-02, P-99 |
||
| 100 |
_aBansal, R. K _951504 |
||
| 245 |
_aA Textbook of Fluids Mechanics _cBansal, R. K |
||
| 250 | _a1st ed. | ||
| 260 |
_aDelhi. _b Laxmi Publications; New edition edition _c2018 |
||
| 300 |
_ax;501 P.: _c9.3 x 7.1 x 0.9 inches |
||
| 526 |
_a0 _b0 _c0 _d532_000000000000000_BAN |
||
| 526 |
_a0 _b0 _c0 _d532_000000000000000_BAN |
||
| 942 |
_2ddc _cBK |
||
| 999 |
_c554188 _d554188 |
||